China's Model of Development: (Record no. 608396)
[ view plain ]
| 000 -LEADER | |
|---|---|
| fixed length control field | 00639nam a22002057a 4500 |
| 003 - CONTROL NUMBER IDENTIFIER | |
| control field | NUST |
| 005 - DATE AND TIME OF LATEST TRANSACTION | |
| control field | 20240228101804.0 |
| 008 - FIXED-LENGTH DATA ELEMENTS--GENERAL INFORMATION | |
| fixed length control field | 210629b ||||| |||| 00| 0 eng d |
| 020 ## - INTERNATIONAL STANDARD BOOK NUMBER | |
| International Standard Book Number | 9789697947027 |
| 022 ## - INTERNATIONAL STANDARD SERIAL NUMBER | |
| Source | 9789697947027 |
| 082 ## - DEWEY DECIMAL CLASSIFICATION NUMBER | |
| Classification number | 320.954910 |
| Author Mark | HAS |
| 100 ## - MAIN ENTRY--PERSONAL NAME | |
| Personal name | Ambassador (R) Syed Hasan Javed |
| 9 (RLIN) | 35662 |
| 245 ## - TITLE STATEMENT | |
| Title | China's Model of Development: |
| Remainder of title | Lessons for Pakistan |
| Statement of responsibility, etc. | Ambassador (R) Syed Hasan Javed |
| 250 ## - EDITION STATEMENT | |
| Edition statement | 1st |
| 260 ## - PUBLICATION, DISTRIBUTION, ETC. | |
| Place of publication, distribution, etc. | Karachi Pakistan |
| Name of publisher, distributor, etc. | New Fakhri Printing Press |
| Date of publication, distribution, etc. | 2020 |
| 300 ## - PHYSICAL DESCRIPTION | |
| Extent | 322p. |
| Other physical details | Hb. |
| 440 ## - SERIES STATEMENT/ADDED ENTRY--TITLE | |
| Title | China's Model of Development: |
| 9 (RLIN) | 80870 |
| 563 ## - BINDING INFORMATION | |
| Binding note | . |
| 942 ## - ADDED ENTRY ELEMENTS (KOHA) | |
| Source of classification or shelving scheme | |
| Koha item type | Book |
| Edition | 1st |
| Call number prefix | 332.95491 JAV 2020 |
| Withdrawn status | Lost status | Source of classification or shelving scheme | Damaged status | Not for loan | Permanent Location | Current Location | Date acquired | Source of acquisition | Total Checkouts | Full call number | Barcode | Date last seen | Price effective from | Koha item type |
|---|---|---|---|---|---|---|---|---|---|---|---|---|---|---|
| School of Art Design and Architecture (SADA) | School of Art Design and Architecture (SADA) | 01/03/2022 | Donation | 320.954910 HAS 2020 | SADAD0000445 | 02/28/2024 | 02/28/2024 | Book |
